| 000 | 00339nam a22001457a 4500 | ||
|---|---|---|---|
| 020 | _a007044398X | ||
| 082 | _a651.74 | ||
| 100 | _aMurphy,Herta A. | ||
| 245 | _aEffective Business Communications | ||
| 250 | _a7th ed. | ||
| 260 |
_aNew Delhi : _bMcGraw-Hill, _c1997. |
||
| 300 |
_a617 p. ; _b23 cm. |
||
| 500 | _aPaperback. | ||
| 942 | _cBK | ||
| 999 |
_c34140 _d34140 |
||